The entrepeneur's book of actions : (Record no. 359313)
[ view plain ]
| 000 -LEADER | |
|---|---|
| fixed length control field | 00478nam a2200133Ia 4500 |
| 008 - FIXED-LENGTH DATA ELEMENTS--GENERAL INFORMATION | |
| fixed length control field | 181023s9999 xx 000 0 und d |
| 020 ## - INTERNATIONAL STANDARD BOOK NUMBER | |
| International Standard Book Number | 9781259859175 |
| 100 ## - MAIN ENTRY--PERSONAL NAME | |
| Personal name | Power, Rhett. |
| 245 ## - TITLE STATEMENT | |
| Statement of responsibility, etc | Rhett Power.-- |
| Title | The entrepeneur's book of actions : |
| Remainder of title | essential daily exercises and habits for becoming wealthier, smarter and more successful / |
| 260 ## - PUBLICATION, DISTRIBUTION, ETC. (IMPRINT) | |
| Place of publication, distribution, etc | New York : |
| Name of publisher, distributor, etc | McGraw Hill |
| Date of publication, distribution, etc | 2017 |
| 300 ## - PHYSICAL DESCRIPTION | |
| Extent | xi, 288 pages. |
| 650 ## - SUBJECT ADDED ENTRY--TOPICAL TERM | |
| Topical term or geographic name as entry element | Entrepreneurship. |
| 650 ## - SUBJECT ADDED ENTRY--TOPICAL TERM | |
| Topical term or geographic name as entry element | Success in business. |
| Withdrawn status | Lost status | Damaged status | Home library | Current library | Shelving location | Date acquired | Source of acquisition | Total Checkouts | Full call number | Barcode | Date last seen | Price effective from | Koha item type |
|---|---|---|---|---|---|---|---|---|---|---|---|---|---|
| College Library | College Library | Reserve Section | 10/23/2018 | Library Fund | HF 5386 .P887 2017 | C21672 | 10/23/2018 | 10/23/2018 | Books |